[Event "ITA-ch 73rd"]
[Site "Rome"]
[Date "2013.11.24"]
[Round "4"]
[White "Bruno, Fabio"]
[Black "Caprio, Guido"]
[Result "0-1"]
[WhiteElo "2414"]
[BlackElo "2418"]
[PlyCount "80"]
[EventDate "2013.11.21"]
[EventType "tourn"]
[EventRounds "11"]
[EventCountry "ITA"]
[EventCategory "10"]
[SourceTitle "CBM 157 Extra"]
[Source "ChessBase"]
[SourceDate "2013.12.19"]
[SourceVersion "1"]
[SourceVersionDate "2013.12.19"]
[SourceQuality "1"]

1. d4 Nf6 2. Nf3 d5 3. c4 e6 4. Nc3 dxc4 5. e3 a6 6. Bxc4 b5 7. Bb3 Bb7 8. 0-0 c5 9. Qe2 Nbd7 10. Rd1 Qb8 11. d5 c4 12. dxe6 fxe6 13. Bc2 Bd6 14. h3 0-0 15. a4 b4 16. Qxc4 Bxf3 17. gxf3 bxc3 18. Qxe6+ Kh8 19. bxc3 Bh2+ 20. Kg2 Re8 21. Qc4 Ne5 22. Qb4 Qc7 23. Rb1 Nc6 24. Qc4 Bd6 25. Bd3 Re5 26. f4 Rc5 27. Qb3 Rb8 28. Qa2 Rxb1 29. Qxb1 Ra5 30. Be2 Ne7 31. Qd3 Nf5 32. e4 Qc6 33. f3 Nh4+ 34. Kh1 Qc8 35. Bf1 Be7 36. f5 Rxa4 37. Bd2 Qc7 38. Be1 Ra2 39. Rd2 Rxd2 40. Qxd2 Nxf3 0-1

[Event "Mare di Fano op 2nd"]
[Site "Fano"]
[Date "2013.08.04"]
[Round "9"]
[White "Rossi, Aldo A"]
[Black "Caprio, Guido"]
[Result "0-1"]
[WhiteElo "2260"]
[BlackElo "2415"]
[PlyCount "58"]
[EventDate "2013.07.29"]
[EventType "swiss"]
[EventRounds "9"]
[EventCountry "ITA"]
[SourceTitle "EXT 2015"]
[Source "ChessBase"]
[SourceDate "2014.11.20"]
[SourceVersion "1"]
[SourceVersionDate "2014.11.20"]
[SourceQuality "1"]

1. e4 c5 2. d4 cxd4 3. c3 e5 4. Nf3 Nc6 5. Bc4 Qc7 6. 0-0 Nf6 7. Bd5 d6 8. cxd4 Bg4 9. dxe5 dxe5 10. Nc3 Be7 11. Be3 0-0 12. Rc1 Rad8 13. h3 Bh5 14. Qe2 Nd4 15. Bxd4 exd4 16. Nb5 Bxf3 17. Qxf3 Qb6 18. Qb3 Nxd5 19. exd5 a6 20. Na3 Qxb3 21. axb3 Rd7 22. Rfd1 Bf6 23. Rc5 Rfd8 24. Nc2 Rxd5 25. b4 h6 26. Rd3 R5d7 27. Kf1 Re8 28. b5 axb5 29. Rxb5 Rc7 0-1

[Event "Mare di Fano op 2nd"]
[Site "Fano"]
[Date "2013.08.03"]
[Round "8"]
[White "Caprio, Guido"]
[Black "Der Manuelian, Haik O"]
[Result "1-0"]
[WhiteElo "2415"]
[BlackElo "2007"]
[PlyCount "33"]
[EventDate "2013.07.29"]
[EventType "swiss"]
[EventRounds "9"]
[EventCountry "ITA"]
[SourceTitle "EXT 2015"]
[Source "ChessBase"]
[SourceDate "2014.11.20"]
[SourceVersion "1"]
[SourceVersionDate "2014.11.20"]
[SourceQuality "1"]

1. e4 c5 2. Nf3 Nc6 3. b4 Nxb4 4. c3 Nc6 5. d4 cxd4 6. cxd4 d5 7. exd5 Qxd5 8. Nc3 Qd6 9. d5 Ne5 10. Bb5+ Bd7 11. 0-0 Nf6 12. Bf4 Nxf3+ 13. Qxf3 Qa3 14. d6 exd6 15. Qxb7 Rd8 16. Rfe1+ Be7 17. Rxe7+ 1-0

[Event "Mare di Fano op 2nd"]
[Site "Fano"]
[Date "2013.08.02"]
[Round "6"]
[White "Caprio, Guido"]
[Black "Rombaldoni, Axel"]
[Result "0-1"]
[WhiteElo "2415"]
[BlackElo "2494"]
[PlyCount "138"]
[EventDate "2013.07.29"]
[EventType "swiss"]
[EventRounds "9"]
[EventCountry "ITA"]
[SourceTitle "EXT 2015"]
[Source "ChessBase"]
[SourceDate "2014.11.20"]
[SourceVersion "1"]
[SourceVersionDate "2014.11.20"]
[SourceQuality "1"]

1. d4 Nf6 2. c4 g6 3. Nc3 d5 4. cxd5 Nxd5 5. e4 Nxc3 6. bxc3 Bg7 7. Nf3 c5 8. Be3 cxd4 9. cxd4 Qa5+ 10. Bd2 Qa3 11. Qc1 Qxc1+ 12. Rxc1 0-0 13. Bb5 a6 14. Ba4 Bg4 15. d5 b5 16. Bb3 Nd7 17. h3 Bxf3 18. gxf3 Rfc8 19. Ke2 Bb2 20. Rxc8+ Rxc8 21. Bb4 Kf8 22. Rb1 Be5 23. a4 a5 24. Bxa5 Ra8 25. Bd2 bxa4 26. Ba2 Bd6 27. f4 f6 28. Rc1 Rb8 29. Rc2 Ba3 30. Be3 Kg7 31. f3 Bd6 32. Bc1 h6 33. h4 Rb7 34. Be3 Rc7 35. Rxc7 Bxc7 36. Kd3 h5 37. Kc4 Bb6 38. Bxb6 Nxb6+ 39. Kd4 Nd7 40. e5 Kf8 41. e6 Nb6 42. f5 gxf5 43. Kc5 Nc8 44. Kb4 f4 45. Kxa4 Nd6 46. Bb1 Nc4 47. Bg6 Nb6+ 48. Kb3 Nxd5 49. Bxh5 Kg7 50. Be8 Ne3 51. Kc3 Nf5 52. Kd3 Nd6 53. Bh5 Kh6 54. Bg4 f5 55. Bh3 Kh5 56. Bf1 Kxh4 57. Kd4 Kg3 58. Be2 Kf2 59. Bd1 Nb5+ 60. Kc4 Nd6+ 61. Kd4 Kg3 62. Be2 Kg2 63. Bd1 Kf2 64. Kd3 Ne8 65. Kd4 Ng7 66. Ke5 Ke3 67. Kd5 Kd2 68. Ba4 Ke2 69. Ke5 Kxf3 0-1